[Event "Leverkusen-ch op"]
[Site "Leverkusen"]
[Date "2007.01.08"]
[Round "1"]
[White "Krauth, Alexander"]
[Black "Hasanovic, Husein"]
[Result "1-0"]
[WhiteElo "2208"]
[BlackElo "1616"]
[PlyCount "117"]
[EventDate "2007.01.08"]
[EventType "swiss"]
[EventRounds "7"]
[EventCountry "GER"]
[SourceTitle "EXT 2008"]
[Source "ChessBase"]
[SourceDate "2007.11.25"]
[SourceVersion "1"]
[SourceVersionDate "2007.11.25"]
[SourceQuality "1"]

1. d4 d5 2. Bf4 Nf6 3. e3 Nc6 4. c3 e6 5. Nf3 Bd6 6. Bg5 h6 7. Bh4 g5 8. Bg3 Ne4 9. Bxd6 Qxd6 10. a4 Bd7 11. Nbd2 f5 12. a5 a6 13. Be2 g4 14. Nxe4 dxe4 15. Nd2 h5 16. Qb3 0-0-0 17. Qa2 h4 18. b4 Na7 19. Qb3 g3 20. fxg3 hxg3 21. h3 Bc6 22. Nc4 Qd5 23. 0-0-0 Bb5 24. Kb2 Kb8 25. Rhe1 Nc6 26. Nd2 Qxb3+ 27. Nxb3 Bxe2 28. Rxe2 Ne5 29. Nc5 Rhe8 30. Rf1 Nd7 31. Nxd7+ Rxd7 32. Rf4 Rh8 33. Kb3 c6 34. c4 Rg7 35. Rf1 Kc7 36. Rc2 Kb8 37. Ka4 Ka7 38. d5 cxd5 39. cxd5 e5 40. Rxf5 Rxh3 41. Rxe5 Rh4 42. d6 Rd7 43. Rd2 Rh6 44. Red5 Rf6 45. b5 axb5+ 46. Kxb5 Rf2 47. Kc5 Ka6 48. Rxf2 gxf2 49. Rf5 Kxa5 50. Rxf2 Ka4 51. Rf4 Rg7 52. Rxe4+ Ka3 53. Kb6 Rxg2 54. Kxb7 Rb2+ 55. Kc7 Rc2+ 56. Kd7 Rb2 57. Ke7 Rb7+ 58. d7 Kb3 59. Ke8 1-0

[Event "Leverkusen-ch op"]
[Site "Leverkusen"]
[Date "2005.01.10"]
[Round "1"]
[White "Hasanovic, Husein"]
[Black "Schockenbaeumer, Dirk"]
[Result "0-1"]
[WhiteElo "1718"]
[BlackElo "2187"]
[PlyCount "86"]
[EventDate "2005.01.10"]
[EventType "swiss"]
[EventRounds "9"]
[EventCountry "GER"]
[SourceTitle "EXT 2006"]
[Source "ChessBase"]
[SourceDate "2005.11.24"]
[SourceVersion "1"]
[SourceVersionDate "2005.11.24"]
[SourceQuality "1"]

1. e4 c5 2. Nf3 d6 3. Nc3 Nf6 4. d3 Nc6 5. Be2 g6 6. Be3 Bg7 7. 0-0 0-0 8. Nd2 Rb8 9. f4 b5 10. Qe1 Nd4 11. Bxd4 cxd4 12. Nd5 Nxd5 13. exd5 a5 14. Bf3 a4 15. Be4 Rb7 16. Qg3 f5 17. Bf3 Rc7 18. Bd1 Bb7 19. Nf3 Bxd5 20. Ng5 h6 21. Nh3 Bf7 22. a3 e5 23. Rc1 Qe7 24. Re1 Rfc8 25. Qf3 Be6 26. Nf2 Qf7 27. Qg3 Bf6 28. h4 Kh7 29. Nh3 Qe7 30. Qh2 Bd5 31. Ng5+ Kg7 32. Nh3 Bxh4 33. g3 Bf6 34. Nf2 Qf7 35. g4 Re7 36. Qg3 exf4 37. Rxe7 Qxe7 38. Qh3 Qe1+ 39. Qf1 Qe3 40. Qh3 Qxc1 41. gxf5 Qe3 42. Qg4 Qe1+ 43. Kh2 Qxf2+ 0-1